Man. City Title-Winning Squad 2011-12 - Statistics

General Stats
  • This quiz has been taken 878 times
  • The average score is 17 of 24
Answer Stats
Hint Answer % Correct
GK - England Joe Hart
99%
DEF - Belgium Vincent Kompany
97%
ST - Argentina Sergio Aquero
96%
ST - Bosnia Edin Dzeko
92%
ST - Italy Mario Balotelli
91%
MID - Spain David Silva
90%
Manager - Italy Roberto Mancini
90%
MID - Ivory Coast Yaya Toure
88%
DEF - Ivory Coast Kolo Toure
81%
DEF - Argentina Pablo Zabaleta
80%
ST - Argentina Carlos Tevez
78%
DEF - France Gael Clichy
77%
DEF - Serbia Alexsandar Kolarov
75%
MID - England James Milner
75%
DEF - England Joleon Lescott
74%
MID - Netherlands Nigel De Jong
72%
MID - England Gareth Barry
66%
DEF - England Micah Richards
66%
DEF - Montenegro Stefan Savic
60%
GK - Romania Costel Pantillimon
59%
MID - France Samir Nasri
52%
MID - England Adam Johnson
44%
DEF - England Wayne Bridge
16%
MID - England Owen Hargreaves
14%
No matching quizzes found
Score Distribution
Percent of People with Each Score
Percentile by Number Answered
Your Score History
You have not taken this quiz